000
00279nam a2200121Ia 4500
008
190723s9999 xx 000 0 und d
100
_a
Dennis G. Zill
245
0
_a
Differential Equations
250
_a
8th
260
_a
New York
_b
Barron's
_c
2017
300
_a
600:p
942
_c
BK
999
_c
2019
_d
2019